Регионална библиотека "Любен Каравелов" - Русе

Les jeux dans les rites funebres en Russie subcarpathique (Запис номер 344462)

MARC детайли
000 -Лидер
Контролно поле с фиксирана дължина 01123nam a2200301 c 4500
003 - Код на организацията, давaща контролен номер
Контролно поле BLK
005 - Дата и час на последна редакция
Контролно поле 20200427124920.0
008 - Елементи от данни с фиксирана дължина
fixed length control field 180911b bul|||||r ||||||| ||bul||
010 ## - Наследен системен номер
LC control number 004127
040 ## - Източник на каталожния запис
Идентификатор на билиотеката - собственик на записа BLK
041 ## - Код за език
Код за езика на текст/звукозапис или на отделно заглавие Френски
Код за езика КДБФ Български
080 ## - УДК
УДК - код + определител 398.5(470)
100 1# - Редна дума - Автор
Автор BOGATYREV, Peter
Авторска отговорност първи автор
R(LIN) 397978
245 00 - Сведения за заглавието
Заглавие Les jeux dans les rites funebres en Russie subcarpathique
260 ## - Област на издателските данни
Място на издаване, разпространение и проч. Paris
Име на издателя, разпространителя и проч. Univ. de France
Година на издаване (1925)
300 ## - Физическа характеристика
Страници 28 с
Илюстрации и др. с ил.
Размери/Мащаб 24 см
380 ## - Жанр
Жанр Естествени науки. Математика
490 ## - СЕРИИ (Колекции)
Име на серия Частна колекция - Академик Михаил Арнаудов
Бележки за серията Дарение - Основен фонд
500 ## - Общи забележки
Забележка Автограф с текст: В знак глубокого уважения проф. М. Арнаудову благодарный П. Богатырев; Подчертавания в текста.;
501 ## - Забележка „подвързано към”
Забележка: Подвързано към... Extr. Le Monde slave : 1925. - с. 196 - 224 : с ил.
520 ## - Забележка за наличие на резюме, анотация и т.н
Анотация, рецензия, сканиран текст Михаил Арнаудов: негови-книга
650 ## - Допълнително описание по предмет – тема
Основно описание – тема или топоним Фолклор
9 (RLIN) 175904
655 ## - Ключова дума – жанр/разновидност
Данни за жанр/разновидност или ключова дума за фокус Етнология
700 1# - Други автори (авторска отговорност)
Лично име P. Bogatyrev
9 (RLIN) 399805
852 ## - Местоположение
Форматна сигнатура МА 3505
Фондова буква Фонд "Михаил Арнаудов"
999 ## - СИСТЕМНИ КОНТРОЛНИ НОМЕРА
Koha biblionumber 344462
Koha biblioitemnumber 344462
942 ## - АРТИКУЛИ
Вид на библиотечния материал Книги
Скрит в OPAC Не
Периодичен библиозапис Да
944 ## - СЪЗДАВАНЕ И РЕДАКЦИЯ на ЗАПИСА
Създаване/Редакция Създаване
Дата на регистрацията/редакция 1994
999 ## - СИСТЕМНИ КОНТРОЛНИ НОМЕРА
Koha biblioitemnumber 344462
999 ## - СИСТЕМНИ КОНТРОЛНИ НОМЕРА
Koha biblioitemnumber 344462
Наличности
Код за отписване Код за изгубен артикул Източник на класификационната схема Код за повреда Коз за рестрикции Код за отдаване Артикулен № Име на библиотеката - собственик Име на библиотеката, в която се намира в момента Статус (Текущо местоположение) Местоположение - отдел Цена в лева Номерация (Хронология) Инвентарен номер Систематично азбучна сигнатура Баркод Номер на екземпляра Цена в евро Служебен тип на артикула Бележка за публиката
  Не е изгубен Universal Decimal Classification Не е повреден само за читалня Специални фондове ( старопечатни, редки и ценни, фонд М. Арнаудов) 744875 Регионална библиотека "Любен Каравелов" Русе Регионална библиотека "Любен Каравелов" Русе Фонд "Михаил Арнаудов" Фонд "Михаил Арнаудов" 2.00 Автограф: П. Богатырев 591726 МА 3505 120000591726 1 1.02 Книги
Vip Innovations Ltd, Rousse, Bulgaria 2025